000 00782nam a2200229 a 4500
001 65100
003 BD-RjUL
005 20211209081403.0
008 170227s1980 bg |||| |||| 000 0 ben d
020 _c: Tk. 8.00
035 _a(BD-RjUL)65230
040 _aBD-RjUL
_bben
_cBD-RjUL
_dBD-RjUL
041 _aben
082 _223
_a891.441
_bAZJ 1980
100 1 _aআজাদ, হুমায়ূন
_9173176
245 1 0 _aজ্বলো চিতাবাঘ /
_cহুমায়ূন আজাদ
260 _aঢাকা :
_bনওরোজ কিতাবিস্তান,
_c১৯৮০ [১৩৮৬]
300 _a৬৪ পৃ. ;
_c১৯ সেমি.
650 _aবাংলা কবিতা
_9179513
650 _aBengali Poetry
_9179514
942 _2ddc
_cBK
999 _c65100
_d65100